000 00535nam a2200193Ia 4500
999 _c33829
_d33829
003 OSt
005 20200917143020.0
008 190216s9999||||xx |||||||||||||| ||und||
020 _a9788120323612
040 _coclc
082 _a621.3192
_bBEL/E
100 _aBell, David A
_94514
245 0 _aElectric Circuits /
_cDavid A Bell
250 _a6th Ed.
260 _bPrentice Hall of India,
_c2003.
_aNew Delhi:
300 _a867p
650 _aPhysics
942 _cBK
_2ddc
_h621.3192
_iBEL/E
_k621.3192
_mBEL/E